[Event "NVM U16 2015"]
[Site "Kiel"]
[Date "2015.09.10"]
[Round "1.2"]
[White "Neumann, Tiemon"]
[Black "Richter, Philipp"]
[Result "1-0"]
[WhiteElo "1720"]
[BlackElo "1496"]
[PlyCount "83"]
[EventDate "2015.??.??"]
[WhiteTeam "SC Aurich"]
[BlackTeam "VfL Gräfenhainichen"]

1. e4 e5 2. Bc4 Nf6 3. Nf3 Nc6 4. Ng5 d5 5. exd5 Na5 6. Bb5+ Bd7 7. Bxd7+ Qxd7
8. Nc3 Nxd5 9. Nxd5 Qxd5 10. Qf3 Qxf3 11. Nxf3 Bd6 12. O-O O-O 13. d3 Nc6 14.
Bd2 Nd4 15. Nxd4 exd4 16. Rfe1 Rfe8 17. g3 Kf8 18. Kf1 Rxe1+ 19. Rxe1 Re8 20.
Re4 Rxe4 21. dxe4 Ke7 22. Ke2 Ke6 23. Kd3 c5 24. Kc4 a6 25. a4 Be7 26. Ba5 Kd6
27. Bb6 Kc6 28. a5 g6 29. e5 h6 30. f4 Bf8 31. g4 Be7 32. f5 gxf5 33. gxf5 f6
34. exf6 Bd6 35. h3 h5 36. Bd8 Kd7 37. Be7 Be5 38. Bxc5 Bxf6 39. Bxd4 Bxd4 40.
Kxd4 Kd6 41. f6 Ke6 42. Kc5 1-0

[Event "NVM U16 2015"]
[Site "Kiel"]
[Date "2015.09.10"]
[Round "1.3"]
[White "Koppe, Carl"]
[Black "Henning, Yannick"]
[Result "0-1"]
[WhiteElo "1479"]
[BlackElo "1562"]
[PlyCount "50"]
[EventDate "2015.??.??"]
[WhiteTeam "VfL Gräfenhainichen"]
[BlackTeam "SC Aurich"]

1. e4 c5 2. Nf3 Nc6 3. d4 cxd4 4. Nxd4 g6 5. Nc3 Bg7 6. Nb3 Nf6 7. Be2 O-O 8.
O-O d6 9. Bg5 Bd7 10. Kh1 Rc8 11. f4 a6 12. f5 Ne5 13. Nd4 Nc4 14. Bxc4 Rxc4
15. Qd3 Rc8 16. Qd2 Qb6 17. Nb3 Bc6 18. Rae1 Rfd8 19. Qc1 Rd7 20. fxg6 hxg6 21.
e5 dxe5 22. Rxe5 Ng4 23. Ree1 Nf2+ 24. Kg1 Nh3+ 25. Kh1 Qg1+ 0-1

[Event "NVM U16 2015"]
[Site "Kiel"]
[Date "2015.09.10"]
[Round "1.4"]
[White "Rajendram, Reanosh"]
[Black "Wilhelm, Dominik"]
[Result "1/2-1/2"]
[WhiteElo "1423"]
[BlackElo "1193"]
[PlyCount "107"]
[EventDate "2015.??.??"]
[WhiteTeam "SC Aurich"]
[BlackTeam "VfL Gräfenhainichen"]

1. e4 c6 2. d4 d5 3. exd5 cxd5 4. c4 Nf6 5. Nc3 Nc6 6. Nf3 Bg4 7. Be3 h6 8. c5
e6 9. Be2 b6 10. cxb6 Qxb6 11. O-O Bxf3 12. Bxf3 Be7 13. Qd2 Bb4 14. Rac1 Ne7
15. a3 Bd6 16. Na4 Qb8 17. h3 Nf5 18. Qc2 O-O 19. Nc5 Nxe3 20. fxe3 Rc8 21. b4
Qb6 22. Qb3 Rc7 23. Qc3 Nd7 24. Rf2 Rb8 25. Qd3 Bxc5 26. dxc5 Qb5 27. Qxb5 Rxb5
28. Be2 Rb8 29. Bf1 Ne5 30. Rfc2 Kf8 31. Rb1 Ke7 32. a4 Nc6 33. Bb5 a6 34. Bxc6
Rxc6 35. b5 axb5 36. axb5 Rc7 37. b6 Rc6 38. Ra1 Rb7 39. Ra7 Rxa7 40. bxa7 Ra6
41. c6 Kd8 42. Rd2 Rxa7 43. e4 Ra5 44. exd5 Rxd5 45. Rb2 f5 46. Rb7 Rc5 47.
Rxg7 Rxc6 48. Rg6 Kd7 49. Rxh6 Kd6 50. Rg6 Kd5 51. h4 Rc7 52. h5 Rh7 53. h6 Kd6
54. Kf2 1/2-1/2

[Event "NVM U16 2015"]
[Site "Kiel"]
[Date "2015.09.10"]
[Round "1.1"]
[White "Scheinhütte, Jakob"]
[Black "Stelmaszyk, Nico"]
[Result "1-0"]
[WhiteElo "1884"]
[BlackElo "1611"]
[PlyCount "145"]
[EventDate "2015.??.??"]
[WhiteTeam "SV Empor Berlin e.V."]
[BlackTeam "SK Lehrte von 1919 e. V."]

1. e4 e5 2. Nf3 Nf6 3. Nxe5 d6 4. Nf3 Nxe4 5. d4 d5 6. Bd3 Nf6 7. h3 h6 8. Bf4
Bd6 9. Bxd6 Qxd6 10. O-O O-O 11. Nbd2 Be6 12. c3 Nbd7 13. Re1 c5 14. dxc5 Nxc5
15. Bc2 Rfe8 16. Nd4 Bd7 17. Qf3 Rxe1+ 18. Rxe1 Re8 19. Rd1 Nce4 20. Nf1 Ng5
21. Qg3 Qxg3 22. Nxg3 Nge4 23. Ngf5 Re5 24. Ne3 Bc6 25. Bb3 Nc5 26. Nf3 Rh5 27.
Bc2 Ne6 28. Nf5 Ne4 29. Ng3 Nxg3 30. fxg3 Ng5 31. Ne5 Ne6 32. Nf3 Ng5 33. Nd4
Ne6 34. Nf5 g6 35. g4 Rg5 36. h4 gxf5 37. hxg5 hxg5 38. gxf5 Nf4 39. Kf2 Kg7
40. g3 Nh5 41. Bb3 Nf6 42. Rd4 Kf8 43. Ba4 b5 44. Bc2 Ke7 45. a4 a6 46. Bd3
Ne4+ 47. Bxe4 dxe4 48. axb5 axb5 49. Ke3 Kf6 50. g4 Ke5 51. Rd8 f6 52. Rc8 Bd7
53. Rc7 Kd6 54. Rxd7+ Kxd7 55. Kxe4 Kc6 56. Kd4 Kd6 57. b4 Kc6 58. c4 bxc4 59.
Kxc4 Kd6 60. b5 Ke5 61. b6 Kf4 62. b7 Kxg4 63. b8=Q Kxf5 64. Kd4 Kg4 65. Qc8+
Kf4 66. Qc7+ Kg4 67. Qd7+ Kf4 68. Qd6+ Kf5 69. Qd5+ Kg6 70. Ke4 Kh5 71. Kf5 Kh6
72. Qf7 g4 73. Qg6# 1-0

[Event "NVM U16 2015"]
[Site "Kiel"]
[Date "2015.09.10"]
[Round "1.2"]
[White "Brockmeyer, Tobias"]
[Black "Feyer, Leon"]
[Result "1-0"]
[WhiteElo "1524"]
[BlackElo "1729"]
[PlyCount "151"]
[EventDate "2015.??.??"]
[WhiteTeam "SK Lehrte von 1919 e. V."]
[BlackTeam "SV Empor Berlin e.V."]

1. d4 d5 2. c4 e6 3. Nc3 Nf6 4. cxd5 exd5 5. Bg5 Be7 6. e3 O-O 7. Nf3 c6 8. Bd3
Bg4 9. h3 Bh5 10. O-O Nbd7 11. Rb1 Ne4 12. Bxe7 Qxe7 13. Be2 f5 14. Qc2 f4 15.
exf4 Rxf4 16. Rfe1 Raf8 17. b4 Qe6 18. Nxe4 dxe4 19. Ng5 Qg6 20. Bxh5 Qxg5 21.
Bg4 Nf6 22. Be6+ Kh8 23. Re3 Re8 24. Rg3 Qh4 25. Bc4 Nh5 26. Re3 Qf6 27. Rd1
Qf5 28. d5 Qd7 29. dxc6 Qxc6 30. Bb3 Qxc2 31. Bxc2 Nf6 32. Bb3 Rf5 33. Kf1 Rb5
34. a3 Rb6 35. Rc3 h6 36. Ke2 Kh7 37. Rd4 Kg6 38. Rc5 Re7 39. Ke3 Rd7 40. Rxd7
Nxd7 41. Rc3 Nf6 42. Rc5 Ra6 43. a4 Rd6 44. Bc4 b6 45. Rc7 a6 46. b5 axb5 47.
axb5 Kh7 48. Rc6 Rxc6 49. bxc6 Ne8 50. Kxe4 Kg6 51. Ke5 Kg5 52. Ke6 Nc7+ 53.
Kd7 Na8 54. c7 Nxc7 55. Kxc7 h5 56. Kxb6 h4 57. Kc5 Kf5 58. Kd5 g6 59. Be2 Kf4
60. Ke6 Kg5 61. Ke5 Kh6 62. Kf6 g5 63. Bg4 Kh7 64. Kxg5 Kh8 65. Kxh4 Kg7 66. f4
Kf6 67. Bc8 Kg6 68. g4 Kf6 69. Kh5 Kg7 70. f5 Kh7 71. g5 Kg7 72. f6+ Kh7 73.
g6+ Kh8 74. Kh6 Kg8 75. Be6+ Kh8 76. g7# 1-0

[Event "NVM U16 2015"]
[Site "Kiel"]
[Date "2015.09.10"]
[Round "1.3"]
[White "Nelk, Gabor"]
[Black "Thormann, Georg"]
[Result "1-0"]
[WhiteElo "1517"]
[BlackElo "1162"]
[PlyCount "79"]
[EventDate "2015.??.??"]
[WhiteTeam "SV Empor Berlin e.V."]
[BlackTeam "SK Lehrte von 1919 e. V."]

1. c4 e6 2. Nc3 d5 3. cxd5 exd5 4. Nf3 Nf6 5. d3 Bb4 6. a3 Ba5 7. b4 Bb6 8. g3
O-O 9. Bg2 Re8 10. O-O Bg4 11. Bb2 Nbd7 12. Re1 Ne5 13. Nxe5 Rxe5 14. Na4 Re6
15. Nxb6 Rxb6 16. Qb3 Re6 17. e3 Qd7 18. Bxf6 Rxf6 19. Qxd5 Qxd5 20. Bxd5 c6
21. Bg2 Rd8 22. d4 Kf8 23. Rac1 Ke7 24. Rc5 Rc8 25. Rec1 h6 26. b5 Kd7 27.
bxc6+ bxc6 28. d5 Bf3 29. Bh3+ Kd8 30. Bxc8 Kxc8 31. Rxc6+ Rxc6 32. Rxc6+ Kd7
33. Ra6 Bxd5 34. Rxa7+ Ke6 35. Kf1 g5 36. Ra6+ Ke5 37. Rxh6 f5 38. Ke1 g4 39.
a4 Ke4 40. a5 1-0

[Event "NVM U16 2015"]
[Site "Kiel"]
[Date "2015.09.10"]
[Round "1.4"]
[White "Meiwes, Thore"]
[Black "Alcer, Johanna"]
[Result "0-1"]
[WhiteElo "1217"]
[BlackElo "1180"]
[PlyCount "46"]
[EventDate "2015.??.??"]
[WhiteTeam "SK Lehrte von 1919 e. V."]
[BlackTeam "SV Empor Berlin e.V."]

1. e4 e5 2. Nf3 Nc6 3. Bc4 Bc5 4. c3 Nf6 5. d4 exd4 6. cxd4 Bb4+ 7. Nc3 O-O 8.
O-O Re8 9. e5 d5 10. exf6 dxc4 11. fxg7 Bg4 12. d5 Ne7 13. Bg5 Qd7 14. Bxe7
Bxc3 15. bxc3 Rxe7 16. Qd4 Bxf3 17. gxf3 Qh3 18. Qf6 Rae8 19. Rab1 h6 20. Rxb7
Re1 21. Qxf7+ Kxf7 22. Rxc7+ Kg8 23. Rxe1 Rxe1# 0-1

[Event "NVM U16 2015"]
[Site "Kiel"]
[Date "2015.09.10"]
[Round "1.1"]
[White "Andresen, Marc"]
[Black "Greßmann, Moritz"]
[Result "0-1"]
[WhiteElo "1417"]
[BlackElo "2085"]
[PlyCount "112"]
[EventDate "2015.??.??"]
[WhiteTeam "SC Caissa Falkensee e.V."]
[BlackTeam "BSV 63 Chemie Weißensee"]

1. Nf3 d5 2. d4 Nf6 3. e3 Bg4 4. c4 dxc4 5. Bxc4 e6 6. Nc3 a6 7. a3 Nc6 8. Bd2
Bd6 9. h3 Bh5 10. b4 O-O 11. Be2 Qe8 12. Ng5 Bg6 13. Bf3 e5 14. d5 Ne7 15. Nge4
Bxe4 16. Nxe4 Nxe4 17. Bxe4 f5 18. Bc2 Qg6 19. g4 Qf6 20. Bc3 fxg4 21. f4 gxf3
22. Qd3 Qh4+ 23. Kd1 Nf5 24. Kc1 Ng3 25. Rd1 e4 26. Qd2 f2 27. Kb2 f1=Q 28.
Rxf1 Rxf1 29. Qd4 Nf5 30. Qc4 Rxa1 31. Kxa1 Nxe3 32. Qxe4 Qxe4 33. Bxe4 Re8 34.
Bf3 Be5 35. Bxe5 Rxe5 36. d6 cxd6 37. Bxb7 a5 38. Bc6 axb4 39. axb4 Nc2+ 40.
Kb2 Nxb4 41. Ba4 d5 42. Bb3 Kf8 43. Kc3 Nc6 44. Bxd5 Rxd5 45. h4 Rd4 46. h5 Ke7
47. h6 gxh6 48. Kb2 Rd3 49. Kc2 Ne5 50. Kb2 Kd6 51. Kc2 Kc5 52. Kb1 Rd2 53. Ka1
Kb4 54. Kb1 Kb3 55. Kc1 Nc4 56. Kb1 Rd1# 0-1

[Event "NVM U16 2015"]
[Site "Kiel"]
[Date "2015.09.10"]
[Round "1.2"]
[White "Fanin, Erik"]
[Black "Böttcher, Tim"]
[Result "1-0"]
[WhiteElo "1733"]
[BlackElo "1010"]
[PlyCount "53"]
[EventDate "2015.??.??"]
[WhiteTeam "BSV 63 Chemie Weißensee"]
[BlackTeam "SC Caissa Falkensee e.V."]

1. e4 e5 2. Nf3 Nc6 3. d4 exd4 4. Nxd4 Nxd4 5. Qxd4 c5 6. Qd1 d6 7. Nc3 Be6 8.
Bf4 a6 9. Qd2 Qc7 10. Nd5 Bxd5 11. Qxd5 Nf6 12. Qd3 Be7 13. Be2 Qc6 14. Bf3 Qb6
15. O-O O-O-O 16. Rab1 Rd7 17. Bg5 Re8 18. Bxf6 Bxf6 19. Bg4 Bxb2 20. Bxd7+
Kxd7 21. Rfd1 Re6 22. c4 Rg6 23. Qc2 Qd8 24. Qxb2 Qg5 25. Qxb7+ Ke6 26. Qd5+
Kf6 27. Qxd6# 1-0

[Event "NVM U16 2015"]
[Site "Kiel"]
[Date "2015.09.10"]
[Round "1.3"]
[White "Seitz, Manuel"]
[Black "Fege, Julian"]
[Result "1/2-1/2"]
[WhiteElo "1085"]
[BlackElo "1595"]
[PlyCount "92"]
[EventDate "2015.??.??"]
[WhiteTeam "SC Caissa Falkensee e.V."]
[BlackTeam "BSV 63 Chemie Weißensee"]

1. e4 c5 2. Nf3 Nc6 3. d4 cxd4 4. Nxd4 g6 5. Nc3 Bg7 6. Be3 Nf6 7. Bc4 d6 8. h3
O-O 9. g4 a6 10. Bd3 Bd7 11. f4 Rc8 12. f5 Qb6 13. Nce2 Qc7 14. c3 Ne5 15. Rc1
Bc6 16. Ng3 Nxd3+ 17. Qxd3 d5 18. Nge2 dxe4 19. Qc2 Nd5 20. Nxc6 Nxe3 21. Qxe4
Qxc6 22. Qxc6 Rxc6 23. Kf2 Nc4 24. b3 Ne5 25. Rhd1 h5 26. fxg6 fxg6+ 27. Kg3
Rcf6 28. Nd4 Bh6 29. Rc2 Be3 30. Re2 Bxd4 31. cxd4 Rf3+ 32. Kg2 Nc6 33. d5 Nb4
34. Rxe7 Rd3 35. Rxd3 Nxd3 36. Rxb7 Nf4+ 37. Kg3 Nxd5 38. gxh5 gxh5 39. Ra7 Rf6
40. Kh4 Nb4 41. a3 Nc2 42. a4 Na1 43. b4 Nc2 44. b5 axb5 45. axb5 Nd4 46. Ra6
Rxa6 1/2-1/2

[Event "NVM U16 2015"]
[Site "Kiel"]
[Date "2015.09.10"]
[Round "1.4"]
[White "Schmidt, Florian Pascal"]
[Black "Jungandreas, Tillmann"]
[Result "1-0"]
[WhiteElo "1261"]
[BlackElo "1209"]
[PlyCount "97"]
[EventDate "2015.??.??"]
[WhiteTeam "BSV 63 Chemie Weißensee"]
[BlackTeam "SC Caissa Falkensee e.V."]

1. e4 e5 2. Nf3 Nc6 3. d4 exd4 4. Nxd4 Nf6 5. Nxc6 bxc6 6. e5 Qe7 7. Qe2 Nd5 8.
c4 Nb6 9. Nc3 d6 10. exd6 cxd6 11. Qe3 Be6 12. Qe4 Bxc4 13. Bxc4 Qxe4+ 14. Nxe4
Nxc4 15. O-O Be7 16. b3 Nb6 17. Re1 O-O 18. Ng3 Rfe8 19. Bb2 h6 20. Nf5 Bf8 21.
Re3 Rxe3 22. fxe3 Re8 23. Kf2 g6 24. Ng3 Bg7 25. Bxg7 Kxg7 26. h4 Re5 27. Rd1
Rd5 28. Rxd5 Nxd5 29. Ne4 Nb4 30. a3 Nc2 31. Nxd6 Nxa3 32. g4 Kf6 33. Ke2 Nb5
34. Ne4+ Ke5 35. Kd3 f5 36. gxf5 Kxf5 37. Nf2 Nd6 38. Kd4 c5+ 39. Kd5 Nb7 40.
e4+ Kf6 41. Ng4+ Kg7 42. e5 h5 43. Ne3 Na5 44. Kd6 Kf8 45. Kd7 c4 46. e6 Nxb3
47. e7+ Kg7 48. e8=Q Nc5+ 49. Ke7 1-0